| 000 | 00588nam a22002052 4500 | ||
|---|---|---|---|
| 001 | 0000024441 | ||
| 005 | 20151217152302.0 | ||
| 008 | 131122s xx 000 0 eng d | ||
| 020 | _a1405178785 : | ||
| 040 |
_aKABU _cKABU |
||
| 100 | 1 |
_aLangley-Evans, Simon. _@0000184556 |
|
| 245 | 1 | 0 |
_aNutrition : _ba lifespan approach / _cSimon Langley-Evans. |
| 250 | _a1st ed. | ||
| 260 |
_aOxford : _bBlackwell, _c2009. |
||
| 300 | _axii, 300 p. | ||
| 650 | 0 |
_aNutrition. _@0000155604 |
|
| 852 | 1 | _9p7539 KES | |
| 908 | _a131122 | ||
| 950 | _@1 | ||
| 999 |
_c10279 _d10279 |
||